Biological and synthetic polymer networks /

Guardado en:
Autor Corporativo: Networks 86 Helsingør, Denmark)
Otros Autores: Kramer, O. (Editor , ed.)
Formato: Libro
Idioma:English
Publicado: London : New York, NY : Elsevier Applied Science ; Sole distributor for the USA and Canada, Elsevier Science Pub. Co., c1988.
Materias:
Etiquetas: Agregar Etiqueta
Sin Etiquetas, Sea el primero en etiquetar este registro!
LEADER 01096pam a22002535a 4500
001 EIQ.libpla003567
008 871006s1988####enka#####b####101#0#eng#d
005 20080213192724.0
245 1 0 |a Biological and synthetic polymer networks /  |c edited by O. Kramer. 
260 |a London :  |b Elsevier Applied Science ;  |a New York, NY :  |b Sole distributor for the USA and Canada, Elsevier Science Pub. Co.,  |c c1988. 
300 |a xii, 548 p. :  |b il. ;  |c 23 cm. 
500 |a "Selected papers from Networks 86, being the 8th Polymer Networks Group Meeting held in Elsinore, Denmark, 31 August-5 September 1986"--P. opp. t.p. 
504 |a Incluye referencias bibliográficas e índice. 
020 |a 1851661662 
111 2 |a Networks 86  |d (1986 ;  |c Helsingør, Denmark) 
700 1 |a Kramer, O.  |q (Ole),  |e ed.  |4 edt 
082 0 0 |a 547.7  |2 19 
650 4 |a Redes de polímeros  |x Congresos. 
650 4 |a Biopolímeros  |x Congresos. 
650 0 |a Polymer networks  |x Congresses. 
650 0 |a Biopolymers  |x Congresses. 
010 |a  87027432  
040 |a DLC  |c DLC  |d AR-BbSID 
859 |a AR-BbSID  |b BIB. PLAPIQUI  |h 547.7  |i N 389  |p 3735